Phases finales de Pro D2 2020-2021. - Statistiques

Statistiques générales
  • Ce quiz a été pris 74 fois
  • Le résultat moyen est 5 sur 6
Statistiques - réponses
Équipes % Correct
USA Perpignan
95%
Biarritz olympique
90%
RC Vannes
89%
US Oyonnax
83%
FC Grenoble
81%
US Colomiers
68%
Aucun quiz correspondant
Distribution des résultats
% des personnes avec chaque résultat
Percentile par nombre de réponses
Votre historique - résultats
Vous n’avez pas pris ce quiz